Algerian chronicles

Saved in:
Bibliographic Details
Main Author: Camus, Albert, 1913-1960
Other Authors: Goldhammer, Arthur (Translator), Kaplan, Alice Yaeger (Author of introduction, etc.)
Format: Book
Language:English
Published: Cambridge, Mass. : Harvard University Press, 2013.
Subjects:
Tags: Add Tag
No Tags, Be the first to tag this record!

MARC

LEADER 00000cam a2200000 a 4500
001 1/106862
008 150610s2013####mau|||||||||||||| ||eng||
020 |a 9780674416758 
040 |a GR-MyUa  |b gre  |c GR-MyUa  |e AACR2 
041 1 |a eng 
082 7 |a 956.04  |2 (23) 
100 1 |a Camus, Albert,  |d 1913-1960. 
245 1 0 |a Algerian chronicles /   |c Albert Camus ; translated by Arthur Goldhammer ; with an introduction by Alice Kaplan.  
260 |a Cambridge, Mass. :   |b Harvard University Press,   |c 2013.  
300 |a a xii, 224 σ. ;   |c 22 εκ.  
500 |a Το πρωτότυπο εκδόθηκε με τίτλο Chroniques algeriannes, 1939-1958. 
504 |a Περιλαμβάνει βιβλιογραφικές αναφορές και ευρετήριο.  
651 0 |a Algeria  |x History  |y Revolution, 1954-1962. 
651 0 |a Algeria  |x Politics and government  |y 20th century. 
651 0 |a Algeria  |x Social conditions  |y 20th century. 
700 1 |a Goldhammer, Arthur,  |e trl 
700 1 |a Kaplan, Alice Yaeger,  |e aui 
852 |a INST  |b LESVOS  |e 20150610  |h 965.04 CAM  |p 005100056893  |q 005100056893  |t BK  |y 0 
970 |a Καμάτσου  |b Δεσποινα  |z 10-06-2015